Premier League - Tous les clubs - Combien en trouverez-vous ? - Statistiques

Statistiques générales
  • Ce quiz a été pris 152 fois
  • Le résultat moyen est 15 sur 20
Statistiques - réponses
Équipes de Premier League % Correct
Manchester United
99%
Manchester City
98%
Arsenal
93%
Chelsea
93%
Liverpool
92%
Tottenham
90%
Aston Villa
82%
West Ham
79%
Everton
69%
Wolverhampton
68%
Brighton
67%
Newcastle
66%
Brentford
63%
Leeds
61%
Burnley
60%
Crystal Palace
59%
Bournemouth
58%
Sunderland
57%
Nottingham Forest
55%
Fulham
53%
Aucun quiz correspondant
Distribution des résultats
% des personnes avec chaque résultat
Percentile par nombre de réponses
Votre historique - résultats
Vous n’avez pas pris ce quiz